000 00268nam a22001217a 4500
999 _c13870
_d13870
020 _a978-1250301697
082 _a823.92
100 _aAlex Michaelides
245 _aThe Silent Patient
260 _aNew York
_bCeladon Books
_c2019
300 _a336 pages
942 _cBK